Lumieres geometriques

محفوظ في:
التفاصيل البيبلوغرافية
المؤلف الرئيسي: Buzi, Giovanni
التنسيق: كتاب
اللغة:الإنجليزية
الوسوم: إضافة وسم
لا توجد وسوم, كن أول من يضع وسما على هذه التسجيلة!

MARC

LEADER 00000nam a2200000 4500
005 20240731191409.0
008 240731b |||||||| |||| 00| 0 eng d
040 |c GP 
100 |a Buzi, Giovanni 
245 |a Lumieres geometriques 
942 |2 ddc  |c BK  |n 0 
952 |0 0  |1 0  |2 ddc  |4 0  |6 843_000000000000000_BUZ  |7 1  |9 1758  |a RM  |b RM  |d 2024-07-31  |l 0  |o 843 BUZ  |p 574  |r 2024-07-31 19:14:30  |w 2024-07-31  |y BK 
999 |c 1574  |d 1574